Implementation of the New START Treaty, and related matters : hearing before the Committee on Foreign Relations, United States Senate, One Hundred Twelfth Congress, second session, June 21, 2012.

Bibliographic Details
Corporate Author: United States. Congress. Senate. Committee on Foreign Relations (Author)
Format: Government Document eBook
Language:English
Published: Washington : U.S. Government Printing Office, 2012.
Series:S. hrg. ; 112-652
Subjects:
Online Access:PDF version:
Text version:

MARC

Tag First Indicator Second Indicator Subfields
LEADER 00000cam a2200000 i 4500
001 in00002832425
005 20151203092712.0
006 m o d f
007 cr bn||||m||||
008 130201s2012 dcu o f000 0 eng c
035 |a (OCoLC)ocn826362747 
040 |a GPO  |b eng  |e rda  |c GPO  |d OCLCA  |d OCLCQ  |d OCLCA  |d GPO  |d MvI  |d UtOrBLW 
042 |a pcc 
043 |a e-ru---  |a n-us--- 
049 |a WWW 
050 1 4 |a KF26  |b .F6 2012j 
074 |a 1039-C (online) 
086 0 |a Y 4.F 76/2:S.HRG.112-652 
110 1 |a United States.  |b Congress.  |b Senate.  |b Committee on Foreign Relations,  |e author. 
245 1 0 |a Implementation of the New START Treaty, and related matters :  |b hearing before the Committee on Foreign Relations, United States Senate, One Hundred Twelfth Congress, second session, June 21, 2012. 
246 3 |a Implementation of the New Strategic Arms Reduction Treaty, and related matters 
264 1 |a Washington :  |b U.S. Government Printing Office,  |c 2012. 
300 |a 1 online resource (iii, 55 pages) 
336 |a text  |b txt  |2 rdacontent 
337 |a computer  |b c  |2 rdamedia 
338 |a online resource  |b cr  |2 rdacarrier 
490 1 |a S. hrg. ;  |v 112-652 
500 |a Title from title screen (viewed Feb. 1, 2013). 
500 |a Paper version available for sale by the Superintendent of Documents, U.S. Government Printing Office. 
500 |a Title from title screen (viewed on Feb. 1, 2013). 
630 1 0 |a Treaty between the United States of America and the Russian Federation on Measures for the Further Reduction and Limitation of Strategic Offensive Arms  |d (2010 April 8) 
650 0 |a Nuclear disarmament  |z Russia (Federation) 
650 0 |a Nuclear disarmament  |z United States. 
650 0 |a Nuclear arms control  |z Russia (Federation) 
650 0 |a Nuclear arms control  |z United States. 
650 0 |a Nuclear arms control  |x Verification  |z United States. 
650 0 |a Nuclear arms control  |x Verification  |z Russia (Federation) 
650 0 |a Nuclear weapons  |x Government policy  |z United States. 
776 0 8 |i Print version:  |a United States. Congress. Senate. Committee on Foreign Relations.  |t Implementation of the New START Treaty, and related matters  |w (OCoLC)824132818 
776 0 8 |i Microfiche version:  |a United States. Congress. Senate. Committee on Foreign Relations.  |t Implementation of the New START Treaty, and related matters  |w (OCoLC)847968152 
810 1 |a United States.  |b Congress.  |b Senate.  |t S. hrg. ;  |v 112-652. 
856 4 0 |3 PDF version:  |u http://purl.fdlp.gov/GPO/gpo33704  |t 0 
856 4 0 |3 Text version:  |u http://purl.fdlp.gov/GPO/gpo33705  |t 0 
999 |a MARS 
999 f f |s a7904bb4-dc2f-3621-a1d8-d162b9d4666c  |i bbc26170-6139-3919-936e-6977da6c0af9  |t 0 
952 f f |a Texas A&M University  |b College Station  |c Electronic Resources  |d Available Online  |t 0  |e Y 4.F 76/2:S.HRG.112-652  |h Superintendent of Documents classification 
998 f f |a Y 4.F 76/2:S.HRG.112-652  |t 0  |l Available Online